Leading culture change in global organizations aligning culture and strategy /

"Filled with case studies from firms such as GT Automotive, GE Healthcare China, Vale, Dominos, Swiss Re Americas Division, and Polar Bank, among others, this book (written by Dan Denison and his co-authors) combines twenty years of research and survey results to illustrate a critical set of cu...

Full description

Bibliographic Details
Corporate Author: ProQuest (Firm)
Other Authors: Denison, Daniel R.
Format: Electronic eBook
Language:English
Published: San Francisco : Jossey-Bass, 2012.
Edition:1st ed.
Series:J-B US non-franchise leadership ; 394
Subjects:
Online Access:Click to View
LEADER 02207nam a2200421 a 4500
001 EBC861640
003 MiAaPQ
005 20200520144314.0
006 m o d |
007 cr cn|||||||||
008 120413s2012 cau sb 001 0 eng d
010 |z  2012015526 
020 |z 9780470908846 
020 |a 9781118221242 (electronic bk.) 
035 |a (MiAaPQ)EBC861640 
035 |a (Au-PeEL)EBL861640 
035 |a (CaPaEBR)ebr10580195 
035 |a (CaONFJC)MIL367358 
035 |a (OCoLC)786273783 
040 |a MiAaPQ  |c MiAaPQ  |d MiAaPQ 
050 4 |a HD58.7  |b .L397 2012 
082 0 4 |a 658.4/02  |2 23 
245 0 0 |a Leading culture change in global organizations  |h [electronic resource] :  |b aligning culture and strategy /  |c Daniel Denison ... [et al.] ; foreword by Edgar H. Schein. 
250 |a 1st ed. 
260 |a San Francisco :  |b Jossey-Bass,  |c 2012. 
300 |a xv, 220 p. 
490 0 |a J-B US non-franchise leadership ;  |v 394 
504 |a Includes bibliographical references and index. 
520 |a "Filled with case studies from firms such as GT Automotive, GE Healthcare China, Vale, Dominos, Swiss Re Americas Division, and Polar Bank, among others, this book (written by Dan Denison and his co-authors) combines twenty years of research and survey results to illustrate a critical set of cultural dynamics that firms need to manage in order to remain competitive. Each chapter uses a case as a means to illustrate an important aspect of culture change focusing on seven common culture-change dilemmas including creating a strategic alignment, keeping strategy simple, and more"--  |c Provided by publisher. 
533 |a Electronic reproduction. Ann Arbor, MI : ProQuest, 2015. Available via World Wide Web. Access may be limited to ProQuest affiliated libraries. 
650 0 |a Organizational behavior  |v Case studies. 
650 0 |a Organizational change  |v Case studies. 
650 0 |a Corporate culture  |v Case studies. 
650 0 |a International business enterprises  |v Case studies. 
655 4 |a Electronic books. 
700 1 |a Denison, Daniel R. 
710 2 |a ProQuest (Firm) 
856 4 0 |u https://ebookcentral.proquest.com/lib/matrademy/detail.action?docID=861640  |z Click to View